[Event "V Festival Costa Viola B"]
[Site "Palmi ITA"]
[Date "2012.01.02"]
[Round "1"]
[White "Altomonte, Giuseppe"]
[Black "Ziparo, Francesco"]
[Result "1-0"]
[WhiteElo "1800"]
[BlackElo "1581"]
[PlyCount "95"]
[EventDate "2012.01.02"]

1. d4 Nf6 2. c4 g6 3. Nc3 Bg7 4. e4 d6 5. Be2 O-O 6. Be3 c6 7. a3 a5 8. g4 e5
9. d5 Na6 10. h4 Nc5 11. Bxc5 dxc5 12. g5 Ne8 13. dxc6 Nd6 14. Qd5 bxc6 15.
Qxc5 Qc7 16. Nb5 Nxb5 17. cxb5 Bb7 18. Rc1 Rfc8 19. Bg4 Rd8 20. bxc6 Bc8 21.
Be2 Rb8 22. Rc2 Be6 23. Nf3 Bb3 24. Rc3 a4 25. O-O Re8 26. Nd2 Bf8 27. Qe3 Be6
28. Nc4 Qxc6 29. Nxe5 Qb7 30. Nc6 Rbc8 31. Qc1 Bh3 32. Rd1 Rxe4 33. Bf3 Rxh4
34. Bd5 Qd7 35. Ne5 Rxc3 36. bxc3 Rg4+ 37. Kh1 Qf5 38. Nxg4 Qxg4 39. Rd4 Qf5
40. Qf4 Qb1+ 41. Kh2 Bf5 42. Be4 Bxe4 43. Qxe4 Qb6 44. Kg2 Qb5 45. Qf4 Qc6+ 46.
Qf3 Qb5 47. Qd5 Qb2 48. Rf4 1-0

[Event "V Festival Costa Viola B"]
[Site "Palmi ITA"]
[Date "2012.01.02"]
[Round "1"]
[White "Alvaro, Francesco"]
[Black "Bellantoni, Corrado"]
[Result "1-0"]
[WhiteElo "1734"]
[BlackElo "1524"]
[PlyCount "101"]
[EventDate "2012.01.02"]

1. e4 d6 2. d4 g6 3. Nf3 Bg7 4. Nc3 Nc6 5. Be3 e5 6. d5 Nce7 7. Nd2 Nf6 8. Be2
O-O 9. O-O Nd7 10. Nb3 f5 11. f3 f4 12. Bf2 g5 13. a4 Ng6 14. Nd2 Nf6 15. b4 h5
16. h3 Kh8 17. b5 b6 18. Na2 Rg8 19. Re1 Bf8 20. Nf1 Ne7 21. Nh2 Rg7 22. Nb4
Bd7 23. a5 Qc8 24. axb6 cxb6 25. Nc6 Nxc6 26. bxc6 Bxh3 27. gxh3 Qxh3 28. Kh1
h4 29. Rg1 Nh5 30. Bf1 Qc8 31. Rg2 Qe8 32. Kg1 Be7 33. Ba6 Bf6 34. Bb7 Rb8 35.
Ng4 Qg6 36. Rxa7 Bd8 37. Qa1 Ng3 38. Nxe5 dxe5 39. Qxe5 Bf6 40. Qxb8+ Rg8 41.
c7 Rxb8 42. cxb8=Q+ Kh7 43. Bc8+ Kh6 44. Bg4 Ne2+ 45. Kh2 Ng3 46. Qf8+ Bg7 47.
Rxg7 Qxg7 48. Qxg7+ Kxg7 49. Bxg3 hxg3+ 50. Kg1 Kf6 51. Re2 1-0

[Event "V Festival Costa Viola B"]
[Site "Palmi ITA"]
[Date "2012.01.02"]
[Round "1"]
[White "Arcidiaco, Francesco"]
[Black "Serratore, Vincenzo"]
[Result "1/2-1/2"]
[WhiteElo "1668"]
[BlackElo "1844"]
[PlyCount "124"]
[EventDate "2012.01.02"]

1. e4 e5 2. Nf3 Nc6 3. Bb5 Bc5 4. O-O Qe7 5. Nc3 Nf6 6. d3 h6 7. h3 Nd4 8. Nxd4
Bxd4 9. Ne2 Bb6 10. Be3 Bxe3 11. fxe3 Qc5 12. Bc4 Qxe3+ 13. Kh1 d6 14. Rf3 Qb6
15. Rg3 O-O 16. Qf1 Kh7 17. Qf3 c6 18. Rf1 Qd8 19. d4 Qe7 20. dxe5 dxe5 21. Nc3
b5 22. Bb3 a5 23. a3 Bb7 24. Qf5+ Kh8 25. Rd3 Rab8 26. Rfd1 Bc8 27. Qf3 c5 28.
Nd5 Nxd5 29. Bxd5 c4 30. R3d2 f6 31. c3 f5 32. exf5 Bxf5 33. Qg3 Bd3 34. Re1
Rf1+ 35. Rxf1 Bxf1 36. Be4 Bd3 37. Bxd3 cxd3 38. Rxd3 Qf6 39. Rf3 Qe6 40. Re3
Re8 41. Re4 Qf5 42. Re1 e4 43. Qe3 g5 44. Kg1 a4 45. Rf1 Qe5 46. Qb6 Kg7 47.
Qb7+ Re7 48. Qc8 e3 49. Qf8+ Kg6 50. Kh1 e2 51. Re1 Rg7 52. Qf3 Re7 53. Kg1 Qf4
54. Qd3+ Qf5 55. Qxf5+ Kxf5 56. Kf2 Kf4 57. Rxe2 Rxe2+ 58. Kxe2 h5 59. Kf2 h4
60. Ke2 Kg3 61. Kf1 Kf4 62. Kf2 Ke4 1/2-1/2

[Event "V Festival Costa Viola B"]
[Site "Palmi ITA"]
[Date "2012.01.02"]
[Round "1"]
[White "Attina', Rodolfo"]
[Black "Vasta, Armando"]
[Result "0-1"]
[WhiteElo "1368"]
[BlackElo "1678"]
[PlyCount "70"]
[EventDate "2012.01.02"]

1. d4 Nf6 2. e3 c5 3. Nf3 d5 4. b3 Nc6 5. a3 Bg4 6. Be2 e6 7. Bb2 cxd4 8. exd4
Bd6 9. Nbd2 O-O 10. c3 Qc7 11. a4 Rfe8 12. h3 Bh5 13. Ba3 Bxa3 14. Rxa3 e5 15.
O-O exd4 16. Bb5 dxc3 17. Bxc6 Qxc6 18. Qc2 cxd2 19. Qxd2 Red8 20. Nd4 Qc5 21.
b4 Ne4 22. Qb2 Qb6 23. Nf5 Qf6 24. Nd4 Nd6 25. Rg3 Ne4 26. f3 Nxg3 27. Re1 Re8
28. Rxe8+ Rxe8 29. Qf2 Bg6 30. Kh2 Ne4 31. Qe3 Nd6 32. Qf2 Qe5+ 33. g3 Nf5 34.
Nxf5 Bxf5 35. f4 Qe2 0-1

[Event "V Festival Costa Viola B"]
[Site "Palmi ITA"]
[Date "2012.01.02"]
[Round "1"]
[White "Carrozza, Gregorio"]
[Black "Cammareri, Pasquale"]
[Result "1-0"]
[WhiteElo "1689"]
[BlackElo "1485"]
[PlyCount "49"]
[EventDate "2012.01.02"]

1. e4 e6 2. d4 d5 3. Nd2 Nf6 4. e5 Nfd7 5. f4 c5 6. Ndf3 Nc6 7. c3 Qb6 8. dxc5
Bxc5 9. Bd3 a5 10. Ne2 h6 11. Bc2 Qa7 12. a4 Rb8 13. Ned4 Nxd4 14. Nxd4 Bxd4
15. cxd4 b5 16. O-O Ba6 17. axb5 Bxb5 18. Rf2 Nb6 19. f5 O-O 20. Bxh6 gxh6 21.
f6 Rfc8 22. Qg4+ Kf8 23. Qg7+ Ke8 24. Qg8+ Kd7 25. Qxf7+ 1-0

[Event "V Festival Costa Viola B"]
[Site "Palmi ITA"]
[Date "2012.01.02"]
[Round "1"]
[White "Cicero, Angelo"]
[Black "Navarra, Stefano"]
[Result "1-0"]
[WhiteElo "1680"]
[BlackElo "1389"]
[PlyCount "197"]
[EventDate "2012.01.02"]

1. e4 e5 2. Nf3 d6 3. Bc4 h6 4. h3 Nf6 5. d3 Be7 6. O-O O-O 7. Nc3 Nbd7 8. Be3
c6 9. Qe2 b5 10. Bb3 Bb7 11. Rfd1 a5 12. a4 b4 13. Na2 c5 14. c3 Qc7 15. Rac1
Ba6 16. cxb4 axb4 17. Qc2 Qa5 18. Nd2 Nh5 19. Ra1 Qd8 20. Bc4 Nf4 21. Bxf4 exf4
22. Bxa6 Rxa6 23. b3 Bf6 24. Rab1 Qe7 25. Nc1 Bd4 26. Ne2 Be5 27. Nf3 Nf6 28.
Nxe5 dxe5 29. Rbc1 Rc6 30. f3 Rfc8 31. Qc4 Nh5 32. Rc2 Rg6 33. d4 Ng3 34. Nxg3
Rxg3 35. dxc5 Qg5 36. Rd3 Rxh3 37. Qxb4 Qg3 38. Rf2 Rh5 39. Qb6 Qh2+ 40. Kf1
Qh1+ 41. Ke2 Qc1 42. Rd8+ Rxd8 43. Qxd8+ Kh7 44. Qd6 Rh1 45. Qd2 Qxc5 46. Rf1
Rh2 47. Kd1 Qa3 48. Kc2 Qa2+ 49. Kc3 Qa3 50. Rc1 Rh5 51. Rc2 Rg5 52. Ra2 Qc5+
53. Kb2 Rg6 54. Ra1 Rd6 55. Qc2 Qd4+ 56. Ka2 Qb4 57. Rd1 Rb6 58. Qc4 Qe7 59.
Rd5 f6 60. Qc5 Qb7 61. Qc4 Rb4 62. Rb5 Rxc4 63. Rxb7 Rc2+ 64. Ka3 Rxg2 65. a5
Rg1 66. Rc7 h5 67. Rc2 h4 68. Kb4 h3 69. Rh2 Rg3 70. a6 Rxf3 71. a7 Re3 72.
a8=Q g5 73. Qb7+ Kg6 74. Qd5 g4 75. Qg8+ Kh5 76. Qh7+ Kg5 77. Qg7+ Kh4 78.
Qxf6+ Kg3 79. Rc2 h2 80. Rxh2 Rxe4+ 81. Kc5 Kxh2 82. Qh4+ Kg2 83. Qxg4+ Kf2 84.
Qh4+ Ke3 85. Qe1+ Kd3 86. Qd1+ Ke3 87. b4 f3 88. Qe1+ Kd3 89. Qf2 Rf4 90. Qf1+
Ke4 91. Qe1+ Kf5 92. Qf2 e4 93. b5 Rg4 94. b6 Kf4 95. b7 Rg8 96. Kb6 Rg2 97.
Qh4+ Ke3 98. b8=Q f2 99. Qh3+ 1-0

[Event "V Festival Costa Viola B"]
[Site "Palmi ITA"]
[Date "2012.01.02"]
[Round "1"]
[White "Daniac, Federico"]
[Black "Panariello, Francesco"]
[Result "1-0"]
[WhiteElo "1548"]
[BlackElo "1756"]
[PlyCount "104"]
[EventDate "2012.01.02"]

1. e4 e6 2. d4 d5 3. e5 c5 4. c3 Nc6 5. Nf3 Bd7 6. Be2 f6 7. O-O Qc7 8. Bf4
Nge7 9. Bg3 Nf5 10. exf6 Nxg3 11. f7+ Kxf7 12. fxg3 Kg8 13. Ng5 Be7 14. Nf7 Bf6
15. Nxh8 Kxh8 16. dxc5 Ne7 17. Kh1 Nf5 18. Qd3 Qxc5 19. Na3 Ne3 20. Rfe1 Rf8
21. Bd1 Bg5 22. Bc2 g6 23. Qd4+ Qxd4 24. cxd4 Rf2 25. Rac1 Rd2 26. h4 Bh6 27.
Bb3 Bc6 28. Nc2 Nf5 29. Rcd1 Nxg3+ 30. Kg1 Ne2+ 31. Kf2 Nxd4+ 32. Rxd2 Bxd2 33.
Nxd4 Bxe1+ 34. Kxe1 Bd7 35. Nf3 Kg7 36. Kd2 Kf6 37. Ke3 Bc6 38. Nd4 Bd7 39. Nf3
h6 40. g4 e5 41. g5+ hxg5 42. hxg5+ Ke6 43. Nh4 Be8 44. Bc2 d4+ 45. Kd3 Bb5+
46. Kd2 Bc4 47. b3 Bd5 48. Bxg6 e4 49. Bf5+ Kf7 50. Ng6 b6 51. Nf4 Be6 52. Nxe6
Kg8 1-0

[Event "V Festival Costa Viola B"]
[Site "Palmi ITA"]
[Date "2012.01.02"]
[Round "1"]
[White "Della Rocca, Giorgio"]
[Black "Gelardi, Davide"]
[Result "1/2-1/2"]
[WhiteElo "1855"]
[BlackElo "1677"]
[PlyCount "63"]
[EventDate "2012.01.02"]

1. e4 e6 2. d4 d5 3. Nd2 Nf6 4. e5 Nfd7 5. Ngf3 c5 6. c3 Nc6 7. Bd3 Qb6 8. O-O
cxd4 9. Nxd4 Nxd4 10. cxd4 Qxd4 11. Nf3 Qb6 12. Qe2 Bc5 13. Ng5 h6 14. Nxf7
Kxf7 15. Qh5+ Ke7 16. Bg5+ hxg5 17. Qxh8 Nxe5 18. Qxg7+ Kd6 19. Bh7 g4 20. Rac1
Bd7 21. Rc2 Bd4 22. Kh1 Bb5 23. Re1 Re8 24. Qg5 Bd3 25. Bxd3 Nxd3 26. Ree2 Ne5
27. Qf4 Kd7 28. Rcd2 Rc8 29. g3 Nf3 30. Qf7+ Kd8 31. Qf8+ Kd7 32. Qf7+ 1/2-1/2

[Event "V Festival Costa Viola B"]
[Site "Palmi ITA"]
[Date "2012.01.02"]
[Round "1"]
[White "Favaloro, Andrea"]
[Black "Carbone, Edoardo"]
[Result "0-1"]
[WhiteElo "1626"]
[BlackElo "1835"]
[PlyCount "70"]
[EventDate "2012.01.02"]

1. e4 c5 2. Nf3 d6 3. d4 cxd4 4. Nxd4 Nf6 5. Nc3 a6 6. Bg5 Nbd7 7. f4 g6 8. Qd2
Bg7 9. Be2 O-O 10. O-O-O Nc5 11. Bf3 h6 12. Bh4 e5 13. Nde2 exf4 14. Qxd6 Qxd6
15. Rxd6 g5 16. Bf2 Ncd7 17. Nd4 Ne5 18. Nf5 Bxf5 19. exf5 Nxf3 20. gxf3 Rfd8
21. Rhd1 Rxd6 22. Rxd6 Ne8 23. Rd7 Bxc3 24. bxc3 b5 25. Bd4 Ng7 26. Bxg7 Kxg7
27. Rd6 h5 28. Kd2 Re8 29. h4 gxh4 30. Rd4 Kf6 31. Rxf4 Kg5 32. Rd4 h3 33. Kc1
Re1+ 34. Kd2 Rg1 35. f4+ Kg4 0-1

[Event "V Festival Costa Viola B"]
[Site "Palmi ITA"]
[Date "2012.01.02"]
[Round "1"]
[White "Pallonetto, Cristofaro"]
[Black "Russo, Biagio"]
[Result "0-1"]
[WhiteElo "1512"]
[BlackElo "1691"]
[PlyCount "38"]
[EventDate "2012.01.02"]

1. e4 c5 2. Nf3 d6 3. d4 cxd4 4. Nxd4 Nf6 5. Nc3 g6 6. Be2 Bg7 7. O-O O-O 8.
Be3 Nc6 9. Qd2 Bd7 10. a3 Rc8 11. Rab1 Ne5 12. f4 Nc4 13. Qc1 Nxe3 14. Qxe3 Qb6
15. Rfd1 e5 16. f5 exd4 17. Rxd4 gxf5 18. Rbd1 Ng4 19. Qg5 h6 0-1

[Event "V Festival Costa Viola B"]
[Site "Palmi ITA"]
[Date "2012.01.02"]
[Round "1"]
[White "Pelyushenko, Vladyslav"]
[Black "Santeramo, Cristina"]
[Result "1-0"]
[WhiteElo "1787"]
[BlackElo "1550"]
[PlyCount "177"]
[EventDate "2012.01.02"]

1. d4 d5 2. c4 e6 3. Nc3 Nf6 4. Nf3 Be7 5. Bf4 O-O 6. e3 Nbd7 7. Qc2 c6 8. h3
b6 9. cxd5 exd5 10. Bd3 Re8 11. O-O Bb7 12. Rab1 Rc8 13. b4 a6 14. Qe2 Ra8 15.
Rfc1 Nf8 16. Ne5 Bd6 17. Qf3 Qe7 18. Na4 b5 19. Nc5 Bxc5 20. Rxc5 Rac8 21. Bg5
h6 22. Bh4 Qd6 23. Ng4 Ne4 24. Bxe4 dxe4 25. Qf5 Qe6 26. Qxe6 Rxe6 27. Ne5 Ng6
28. Nxg6 Rxg6 29. Rbc1 Re6 30. d5 Rd6 31. dxc6 Rdxc6 32. Be7 f6 33. Rxc6 Rxc6
34. Bc5 Kf7 35. Rd1 Rc7 36. Rd6 Bc8 37. Rd8 Be6 38. a3 Bc8 39. h4 h5 40. Kh2
Bb7 41. Rh8 Kg6 42. Rd8 Bc8 43. Kg3 Rc6 44. Kf4 f5 45. Bd4 Be6 46. Ke5 Bb3 47.
Rd6+ Rxd6 48. Kxd6 Kf7 49. Kc7 Bd5 50. Kb6 g6 51. Kxa6 Bc4 52. Ka5 Ke6 53. a4
bxa4 54. Kxa4 Bd5 55. Kb5 Kd6 56. Kb6 Kd7 57. Be5 Kc8 58. Kc5 Bb7 59. Kd6 Ba6
60. Ke7 Bb5 61. Kf7 Be2 62. Kxg6 Bg4 63. Kf6 Kb7 64. f3 exf3 65. gxf3 Bxf3 66.
Kxf5 Kb6 67. Bd6 Kc6 68. Ke5 Kd7 69. Bc5 Ke8 70. Kd6 Kd8 71. Bb6+ Ke8 72. Kc7
Ke7 73. Bc5+ Ke6 74. b5 Kf5 75. b6 Kg4 76. Be7 Be4 77. b7 Bxb7 78. Kxb7 Kf3 79.
Bg5 Ke4 80. Kc6 Ke5 81. Kd7 Kf5 82. Ke7 Kg6 83. e4 Kg7 84. Kd7 Kf7 85. e5 Kf8
86. e6 Kg7 87. e7 Kh7 88. e8=R Kg7 89. Re6 1-0

[Event "V Festival Costa Viola B"]
[Site "Palmi ITA"]
[Date "2012.01.02"]
[Round "1"]
[White "Rametta, Marcello"]
[Black "Palermiti, Francesco"]
[Result "1-0"]
[WhiteElo "1744"]
[BlackElo "1540"]
[PlyCount "81"]
[EventDate "2012.01.02"]

1. e4 c5 2. c3 e6 3. Nf3 d6 4. Bd3 Nf6 5. h3 Be7 6. Bc2 O-O 7. O-O b6 8. Re1
Qc7 9. d4 cxd4 10. cxd4 Rd8 11. Nc3 a6 12. Bg5 h6 13. Bh4 Bb7 14. d5 e5 15. Qe2
Nh5 16. Qe3 Bxh4 17. Nxh4 Bc8 18. Rac1 Qe7 19. Nf5 Bxf5 20. exf5 Nd7 21. g3 b5
22. Qf3 Nhf6 23. Bb3 Nc5 24. Bc2 Qd7 25. Ne4 Ncxe4 26. Bxe4 Rac8 27. Rc6 Qa7
28. Rec1 Rxc6 29. dxc6 Nxe4 30. Qxe4 Qc7 31. Qd5 Kf8 32. b4 Re8 33. f3 Rc8 34.
Kg2 Qb6 35. Qxd6+ Kg8 36. Qxe5 Rxc6 37. Qe8+ Kh7 38. Qxc6 Qe3 39. Rc2 Qa3 40.
Qe4 f6 41. Qe8 1-0

[Event "V Festival Costa Viola B"]
[Site "Palmi ITA"]
[Date "2012.01.02"]
[Round "1"]
[White "Santeramo, Alessia Carmen"]
[Black "Iannello, Antonio"]
[Result "1-0"]
[WhiteElo "1824"]
[BlackElo "1605"]
[PlyCount "83"]
[EventDate "2012.01.02"]

1. e4 c5 2. Nf3 d6 3. d4 cxd4 4. Nxd4 Nf6 5. Nc3 a6 6. Bc4 e6 7. Bb3 Be7 8. Be3
Qc7 9. Qe2 Nbd7 10. O-O-O Nc5 11. f3 b5 12. Qf2 Bb7 13. Kb1 Rc8 14. a4 bxa4 15.
Nxa4 Nxb3 16. Nxb3 d5 17. Nb6 Rb8 18. Rd3 dxe4 19. Rc3 Qd8 20. Bf4 Bd6 21. Rd1
Bd5 22. Bxd6 Qxd6 23. Nc8 Qd7 24. Qc5 exf3 25. Nd6+ Kd8 26. Qa5+ Ke7 27. Rc7
Kxd6 28. Qc5+ Ke5 29. Rxd7 Nxd7 30. Qc7+ Kf6 31. Qxd7 fxg2 32. Qa7 h5 33. Qd4+
Kg6 34. Qd3+ Kf6 35. c4 Bc6 36. Qd4+ Ke7 37. Rd3 h4 38. Qg4 Kf6 39. Nc5 Rh6 40.
Nd7+ Bxd7 41. Rxd7 Rg6 42. Qf4# 1-0

[Event "V Festival Costa Viola B"]
[Site "Palmi ITA"]
[Date "2012.01.02"]
[Round "1"]
[White "Suriano, Davide"]
[Black "Iannello, Andrea"]
[Result "0-1"]
[WhiteElo "1539"]
[BlackElo "1740"]
[PlyCount "42"]
[EventDate "2012.01.02"]

1. c4 e5 2. Nc3 d6 3. g3 g6 4. Bg2 Bg7 5. e4 c6 6. Nge2 f5 7. d4 exd4 8. Nxd4
Qb6 9. Nde2 Qc7 10. O-O Ne7 11. exf5 Bxf5 12. Nd4 O-O 13. Re1 Na6 14. Ne6 Bxe6
15. Rxe6 Rf6 16. Rxf6 Bxf6 17. Ne4 Be5 18. f4 Qb6+ 19. c5 Nxc5 20. fxe5 Nxe4+
21. Kf1 Qf2# 0-1

[Event "V Festival Costa Viola B"]
[Site "Palmi ITA"]
[Date "2012.01.02"]
[Round "1"]
[White "Tricomi, Massimo"]
[Black "Greco, Simone"]
[Result "1/2-1/2"]
[WhiteElo "1839"]
[BlackElo "1629"]
[PlyCount "61"]
[EventDate "2012.01.02"]

1. e4 c5 2. Nf3 d6 3. Bb5+ Bd7 4. Bxd7+ Nxd7 5. O-O Ngf6 6. Re1 g6 7. c3 Bg7 8.
d4 O-O 9. h3 Qb6 10. e5 Ne8 11. Na3 cxd4 12. cxd4 dxe5 13. dxe5 Rd8 14. Qe2 Nc7
15. Bf4 Ne6 16. Bh2 Ndc5 17. Rad1 Rd7 18. Rxd7 Nxd7 19. Qb5 Rd8 20. Rd1 Qxb5
21. Nxb5 a6 22. Nbd4 Nxe5 23. Bxe5 Bxe5 24. Nxe5 Rxd4 25. Rxd4 Nxd4 26. f3 Kf8
27. Kf2 Ke8 28. Ke3 Nc6 29. Nd3 b6 30. Ke4 Kd7 31. Kd5 1/2-1/2

[Event "V Festival Costa Viola B"]
[Site "Palmi ITA"]
[Date "2012.01.02"]
[Round "1"]
[White "Vazzana, Antonio"]
[Black "Violi, Vincenzo"]
[Result "1/2-1/2"]
[WhiteElo "1593"]
[BlackElo "1813"]
[PlyCount "72"]
[EventDate "2012.01.02"]

1. c4 b6 2. Nc3 e6 3. Nf3 Bb7 4. d4 Bb4 5. a3 Bxc3+ 6. bxc3 Nf6 7. Bg5 d6 8. e3
Nbd7 9. Be2 Qe7 10. O-O h6 11. Bxf6 gxf6 12. Nd2 O-O-O 13. Bf3 c6 14. Qa4 Kc7
15. Qb4 c5 16. Qb3 f5 17. Bxb7 Kxb7 18. a4 Nf6 19. a5 Qc7 20. Rfb1 Ra8 21. Rb2
Rhb8 22. Qc2 Kc8 23. a6 Kd7 24. e4 fxe4 25. Nxe4 Nxe4 26. Qxe4 Rg8 27. dxc5
Qxc5 28. Qb7+ Qc7 29. Rd2 Qxb7 30. axb7 Rab8 31. Rxa7 Kc7 32. Rda2 Rxb7 33. Ra8
Rgb8 34. R8a7 Rxa7 35. Rxa7+ Rb7 36. Ra8 Rb8 1/2-1/2

[Event "V Festival Costa Viola B"]
[Site "Palmi ITA"]
[Date "2012.01.02"]
[Round "1"]
[White "Zampaglione, Francesco"]
[Black "Brogneri, Giovanni"]
[Result "0-1"]
[WhiteElo "1560"]
[BlackElo "1797"]
[PlyCount "96"]
[EventDate "2012.01.02"]

1. d4 e6 2. Bf4 f5 3. Nf3 Nf6 4. h3 b6 5. e3 Bb7 6. Nbd2 Be7 7. Bd3 h6 8. O-O
d6 9. Nh4 Kf7 10. Nhf3 Nbd7 11. c4 g5 12. Bh2 Ne4 13. Qc2 Ndf6 14. Rac1 Qg8 15.
d5 exd5 16. cxd5 Bxd5 17. Qxc7 Qd8 18. Qxd8 Rhxd8 19. Rc7 Rd7 20. Rfc1 Rad8 21.
Bb5 Rxc7 22. Rxc7 Ra8 23. Nxe4 Nxe4 24. Nxg5+ hxg5 25. f3 Nf6 26. Bxd6 Ng8 27.
Bxe7 Nxe7 28. Bc4 Bxc4 29. Rxc4 Rc8 30. Rxc8 Nxc8 31. Kf2 Ke6 32. Kg3 Nd6 33.
b3 Nb5 34. f4 gxf4+ 35. Kxf4 Nc3 36. Kg5 Nxa2 37. h4 Nb4 38. h5 Nd5 39. h6 Nf6
40. Kf4 a5 41. e4 fxe4 42. g4 e3 43. Kxe3 Nxg4+ 44. Kd4 Nxh6 45. Kc4 Kd6 46.
Kb5 Kc7 47. b4 axb4 48. Kxb4 Kc6 0-1

[Event "V Festival Costa Viola B"]
[Site "Palmi ITA"]
[Date "2012.01.03"]
[Round "2"]
[White "Bellantoni, Corrado"]
[Black "Favaloro, Andrea"]
[Result "1/2-1/2"]
[WhiteElo "1524"]
[BlackElo "1626"]
[PlyCount "75"]
[EventDate "2012.01.02"]

1. Nf3 Nf6 2. g3 g6 3. Bg2 Bg7 4. O-O d6 5. d4 O-O 6. c3 c5 7. h3 Nbd7 8. Nbd2
Rb8 9. a4 a6 10. a5 b5 11. axb6 Nxb6 12. dxc5 dxc5 13. Ng5 e5 14. Nge4 Nxe4 15.
Nxe4 c4 16. Qxd8 Rxd8 17. Bg5 Rd7 18. Nc5 Ra7 19. Rfd1 Nd7 20. Nxd7 Bxd7 21.
Bc1 h5 22. Kh2 a5 23. Rd5 a4 24. Rxd7 Rxd7 25. Rxa4 Rd1 26. Be3 Rxb2 27. Rxc4
Rd8 28. Rc7 Rbb8 29. c4 Rbc8 30. Rxc8 Rxc8 31. Bd5 Bf8 32. Kg2 Kg7 33. g4 hxg4
34. hxg4 f5 35. gxf5 gxf5 36. f4 Kf6 37. fxe5+ Kxe5 38. Kf3 1/2-1/2

[Event "V Festival Costa Viola B"]
[Site "Palmi ITA"]
[Date "2012.01.03"]
[Round "2"]
[White "Brogneri, Giovanni"]
[Black "Carrozza, Gregorio"]
[Result "1-0"]
[WhiteElo "1797"]
[BlackElo "1689"]
[PlyCount "59"]
[EventDate "2012.01.02"]

1. c4 e5 2. g3 Nc6 3. Bg2 f5 4. d3 Nf6 5. Nc3 Bb4 6. e3 Bxc3+ 7. bxc3 O-O 8.
Ne2 d5 9. cxd5 Nxd5 10. Ba3 Re8 11. Qb3 Be6 12. Qxb7 Qd7 13. Qb1 f4 14. exf4
exf4 15. O-O Bg4 16. Bxd5+ Qxd5 17. Nxf4 Qf3 18. h3 Rab8 19. Qc2 Re6 20. Nxe6
Bxe6 21. Qd1 Qf5 22. g4 Qf6 23. d4 Bd5 24. Qd3 g6 25. Rfe1 Rd8 26. Qg3 Qf7 27.
Re2 Rd7 28. Rae1 Bxa2 29. Re8+ Kg7 30. Bf8+ 1-0

[Event "V Festival Costa Viola B"]
[Site "Palmi ITA"]
[Date "2012.01.03"]
[Round "2"]
[White "Carbone, Edoardo"]
[Black "Alvaro, Francesco"]
[Result "1-0"]
[WhiteElo "1835"]
[BlackElo "1734"]
[PlyCount "125"]
[EventDate "2012.01.02"]

1. d4 Nf6 2. c4 e6 3. Nf3 d5 4. e3 c5 5. Nc3 Nbd7 6. cxd5 exd5 7. Be2 Be7 8.
O-O Nb6 9. dxc5 Bxc5 10. b3 O-O 11. Bb2 Be6 12. Rc1 Rc8 13. Nb5 Qe7 14. Rxc5
Rxc5 15. Ba3 Rfc8 16. Nxa7 Ra8 17. Nb5 Rxa3 18. Nxa3 Ra5 19. Nb5 Rxa2 20. Nfd4
Ne4 21. Qc1 Qc5 22. Qxc5 Nxc5 23. b4 Ne4 24. Rc1 Nc4 25. Bxc4 dxc4 26. Nxe6
fxe6 27. h3 c3 28. Nd4 Rxf2 29. Rxc3 Rxg2+ 30. Kxg2 Nxc3 31. Nxe6 Nd5 32. b5
Nxe3+ 33. Kf3 Nd5 34. Nc5 b6 35. Na4 Kf7 36. Ke4 Ke6 37. h4 g6 38. Kd4 h6 39.
Ke4 g5 40. hxg5 hxg5 41. Kf3 Kf5 42. Nb2 Nc3 43. Nc4 g4+ 44. Kg3 Ne4+ 45. Kg2
Nd6 46. Nxd6+ Ke6 47. Nc8 Kd5 48. Kg3 Kc5 49. Na7 Kd6 50. Kxg4 Kc7 51. Kf5 Kb7
52. Nc6 Kc7 53. Ke6 Kb7 54. Kd7 Ka8 55. Ne7 Kb7 56. Nc8 Kb8 57. Nxb6 Ka7 58.
Nc4 Kb7 59. b6 Kb8 60. Kc6 Ka8 61. b7+ Ka7 62. Kc7 Ka6 63. Ne5 1-0

[Event "V Festival Costa Viola B"]
[Site "Palmi ITA"]
[Date "2012.01.03"]
[Round "2"]
[White "Gelardi, Davide"]
[Black "Tricomi, Massimo"]
[Result "0-1"]
[WhiteElo "1677"]
[BlackElo "1839"]
[PlyCount "100"]
[EventDate "2012.01.02"]

1. Nf3 b6 2. g3 Bb7 3. Bg2 f5 4. d4 Nf6 5. c4 e6 6. Nc3 Bb4 7. Bd2 O-O 8. O-O
Qe7 9. e3 d6 10. a3 Bxc3 11. Bxc3 Nbd7 12. Re1 Ne4 13. Nd2 Nxc3 14. bxc3 Bxg2
15. Kxg2 Qf7 16. f4 e5 17. a4 Rae8 18. Qf3 e4 19. Qe2 a5 20. c5 dxc5 21. Qb5
Re6 22. Nc4 Rh6 23. Ne5 Nxe5 24. dxe5 Qh5 25. Qc4+ Kh8 26. h4 Rg6 27. Kh2 Qf3
28. Rg1 Rd8 29. Ra2 Qxe3 30. e6 Rd2+ 31. Rxd2 Qxd2+ 32. Rg2 Qd6 33. Qa6 Qxe6
34. Qa8+ Qg8 35. Qb7 Qd8 36. Kh3 Rd6 37. Ra2 Rd3 38. c4 h6 39. Qc6 Qd7 40. Qg6
Rd6 41. Qh5 Qe6 42. Rc2 e3 43. Qe2 Qe4 44. Rc3 Qh1+ 45. Qh2 Qxh2+ 46. Kxh2 Re6
47. Rc1 Kg8 48. Kg2 Kf7 49. h5 Re4 50. Kf1 e2+ 0-1

[Event "V Festival Costa Viola B"]
[Site "Palmi ITA"]
[Date "2012.01.03"]
[Round "2"]
[White "Greco, Simone"]
[Black "Furnari, Francesco"]
[Result "0-1"]
[WhiteElo "1629"]
[BlackElo "1833"]
[PlyCount "82"]
[EventDate "2012.01.02"]

1. e4 e6 2. d3 Nc6 3. Nd2 d5 4. g3 Nf6 5. Bg2 Bc5 6. Ngf3 dxe4 7. dxe4 O-O 8.
O-O e5 9. h3 Re8 10. c3 Qe7 11. Qe2 a6 12. Re1 h6 13. Nb3 Bb6 14. Be3 Be6 15.
Nbd2 Bxe3 16. Qxe3 Rad8 17. Rad1 Rd7 18. a4 Red8 19. b4 Rd3 20. Qe2 Rxc3 21.
Nb1 Bc4 22. Rxd8+ Qxd8 23. Qd2 Rd3 24. Qc1 b5 25. axb5 Bxb5 26. Nbd2 Rd6 27.
Qc3 Qe7 28. Nc4 Bxc4 29. Qxc4 Nd4 30. Nxd4 Rxd4 31. Qxa6 Rxb4 32. Qc8+ Kh7 33.
Rc1 Ne8 34. Bf3 g6 35. Bg2 Kg7 36. Rc2 Rd4 37. Rb2 Rd8 38. Qa6 Qc5 39. Rb5 Rd1+
40. Kh2 Qxf2 41. h4 Rg1 0-1

[Event "V Festival Costa Viola B"]
[Site "Palmi ITA"]
[Date "2012.01.03"]
[Round "2"]
[White "Iannello, Andrea"]
[Black "Cicero, Angelo"]
[Result "1/2-1/2"]
[WhiteElo "1740"]
[BlackElo "1680"]
[PlyCount "29"]
[EventDate "2012.01.02"]

1. e4 e5 2. Nf3 Nc6 3. Bb5 Bc5 4. O-O Nge7 5. c3 O-O 6. d4 exd4 7. cxd4 Bb6 8.
Nc3 d5 9. exd5 Nxd5 10. Bxc6 bxc6 11. Qc2 a6 12. Rd1 Nxc3 13. bxc3 Re8 14. Ne5
Qf6 15. Be3 1/2-1/2

[Event "V Festival Costa Viola B"]
[Site "Palmi ITA"]
[Date "2012.01.03"]
[Round "2"]
[White "Iannello, Antonio"]
[Black "Pallonetto, Cristofaro"]
[Result "1-0"]
[WhiteElo "1605"]
[BlackElo "1512"]
[PlyCount "57"]
[EventDate "2012.01.02"]

1. e4 e5 2. Nf3 d6 3. d4 exd4 4. Qxd4 Nc6 5. Bb5 Bd7 6. Bxc6 Bxc6 7. Nc3 Nf6 8.
Bg5 Be7 9. O-O-O h6 10. Bd2 Ng4 11. Qxg7 Nxf2 12. Qxh8+ Kd7 13. Qxd8+ Rxd8 14.
Be3 Nxh1 15. Rxh1 h5 16. Rd1 f6 17. Nd5 Bxd5 18. Rxd5 Rh8 19. Nh4 c6 20. Rd2 b6
21. Nf5 Bf8 22. Nxd6 Ke6 23. Nf5 c5 24. Bf4 Rg8 25. Rd8 Kf7 26. Bh6 Rh8 27.
Rxf8+ Rxf8 28. Bxf8 Kxf8 29. Kd2 1-0

[Event "V Festival Costa Viola B"]
[Site "Palmi ITA"]
[Date "2012.01.03"]
[Round "2"]
[White "Mercuri, Delia"]
[Black "Della Rocca, Giorgio"]
[Result "0-1"]
[WhiteElo "1673"]
[BlackElo "1855"]
[PlyCount "48"]
[EventDate "2012.01.02"]

1. e4 d5 2. exd5 e5 3. Bc4 Nf6 4. Qe2 Bd6 5. d3 h6 6. Nf3 O-O 7. O-O Re8 8. Nc3
Nbd7 9. a3 Nf8 10. b4 Ng6 11. Ne4 Nh5 12. Be3 Nhf4 13. Qd2 Bg4 14. Ng3 Bxf3 15.
gxf3 Qh4 16. Kh1 Qh3 17. Rg1 h5 18. Qd1 h4 19. Nf1 e4 20. dxe4 f6 21. Be2 Re5
22. c4 Rg5 23. Nd2 Nxe2 24. Nf1 Rxg1# 0-1

[Event "V Festival Costa Viola B"]
[Site "Palmi ITA"]
[Date "2012.01.03"]
[Round "2"]
[White "Navarra, Stefano"]
[Black "Zampaglione, Francesco"]
[Result "1-0"]
[WhiteElo "1389"]
[BlackElo "1560"]
[PlyCount "57"]
[EventDate "2012.01.02"]

1. d4 d6 2. Nf3 Nf6 3. e3 Nbd7 4. Be2 e5 5. dxe5 dxe5 6. Nbd2 c6 7. Bd3 Nc5 8.
e4 Bg4 9. Qe2 Qc7 10. O-O Be7 11. Nc4 Nxd3 12. cxd3 O-O 13. h3 Bxf3 14. Qxf3
Rfd8 15. Bg5 Ne8 16. Bxe7 Qxe7 17. Rad1 Nd6 18. b3 Nb5 19. a4 Nd4 20. Qh5 f6
21. Rb1 Qb4 22. Ne3 Nxb3 23. Qd1 Qxa4 24. Rxb3 b5 25. Qc2 Rac8 26. Nf5 Kf7 27.
Rfb1 a6 28. Qc5 Rc7 29. Ra3 1-0